000
00315nam a22001457a 4500
003
SGT
020
_a
978938610496
082
_b
SIN
100
_a
SINGH JAGDAMBA
245
_a
MODERN ORGANIC CHEMISTRY
260
_b
PRAGATI PRAKASHAN
_c
2017
300
_a
1264
650
_a
PHYSICAL SCIENCE
942
_2
ddc
_c
BK
_0
3
999
_c
16062
_d
16062